000 00793nam a2200241Ia 4500
003 OSt
005 20220925221657.0
006 a|||||r|||| 00| 0
007 ta
008 220923b |||||||| |||| 00| 0 eng d
020 _a9780262034579
_c1816.43
037 _b1050572, 08/03/2017, Atlantic Publisher & Distributers
_cGeneral Book
040 _aRTL
_cRTL
_beng
041 _2eng
_aeng
082 _aX, Q6
100 _aSUNDARAJAN Arun
_9286910
245 0 _aSharing economy
_b The end of employment and the rise of crowd-based capitalism
260 _aLondon
_bMIT Press
_c2016
300 _axiv,240p
_ccm.
650 _aEconomics
942 _hX, Q6
_cGB
_2CC
999 _c575055
_d575055